| 000 | 00680nam a2200205 u 4500 | ||
|---|---|---|---|
| 005 | 20210223132844.0 | ||
| 008 | 160302s1989 es r 000 0 spa d | ||
| 020 | _a8487232035 | ||
| 035 | _aUPN01000208630 | ||
| 049 | _aCG | ||
| 050 | 4 |
_aBL624 _bC3.4 |
|
| 100 | 1 |
_aCastermane, Jacques, _d1934- _938747 |
|
| 245 | 1 | 4 |
_aLas lecciones de Dürckheim / _cJacques Castermane ; tr. Susana Rodríguez Vida. |
| 260 |
_aBarcelona, Esp. : _bLuciérnaga, _c1989. |
||
| 300 | _a256 p. | ||
| 534 |
_pTítulo original : _tLes lecons de Graf Dürckbein |
||
| 650 | 4 |
_aVIDA ESPIRITUAL - _vMISCELANEA _98167 |
|
| 600 | 1 | 4 |
_aDURCKHEIM, KARLFRIED, _d1896-1988 - _vENTREVISTAS _924756 |
| 905 | _aLibro | ||
| 999 |
_c180731 _d180731 |
||